书目信息 |
| 题名: |
岩石力学与工程
|
|
| 作者: | 蔡美峰 主编 | |
| 分册: | ||
| 出版信息: | 北京 科学出版社 2002.08 |
|
| 页数: | 491页 | |
| 开本: | 26cm | |
| 丛书名: | ||
| 单 册: | ||
| 中图分类: | TU , TU4-43 | |
| 科图分类: | ||
| 主题词: | 土力学 , 地基--基础(工程) | |
| 电子资源: | ||
| ISBN: | 7-03-010470-6 | |
| 000 | 00604nam0 2200217 45 | |
| 001 | 0334036331 | |
| 005 | 2003040109271633 | |
| 010 | @a7-03-010470-6@dRMB 37.00 | |
| 100 | @a20030401d2002 km y0chiy0120 ea | |
| 101 | 0 | @achi |
| 102 | @aCN@b110000 | |
| 200 | 1 | @a岩石力学与工程@Ayan shi li xue yu gong cheng@f蔡美峰主编@Fcai mei feng zhu bian |
| 210 | @a北京@c科学出版社@d2002.08 | |
| 215 | @a491页@d26cm | |
| 606 | 0 | @a土力学 |
| 606 | 0 | @a地基@x基础(工程) |
| 690 | @aTU@v3 | |
| 690 | @aTU4-43@v4 | |
| 701 | 0 | @a蔡美峰@Acai mei feng@4主编 |
| 801 | 0 | @aCN@bPFT@c20030401 |
| 905 | @a10447@dTU4-43@eC040 | |
| 岩石力学与工程/蔡美峰主编.-北京:科学出版社,2002.08 |
| 491页;26cm |
| ISBN 7-03-010470-6:RMB 37.00 |
| ● |
| 相关链接 |
|
|
|
正题名:岩石力学与工程
索取号:TU4-43/C040
 
预约/预借
| 序号 | 登录号 | 条形码 | 馆藏地/架位号 | 状态 | 备注 |
| 1 | 368481 | 203684815 | 建筑库101/101建筑库 93排3列5层/ [索取号:TU4-43/C040] | 在馆 | |
| 2 | 368482 | 203684824 | 建筑库101/101建筑库 93排3列5层/ [索取号:TU4-43/C040] | 在馆 |